[Event "4NCL"]
[Site "De Vere, Staverton Park, ENG"]
[Date "2011.03.27"]
[Round "8.54"]
[White "O'Driscoll, Keiran"]
[Black "Harley-Yeo, Gareth"]
[Result "1/2-1/2"]
[WhiteElo "2101"]
[BlackElo "2003"]
[PlyCount "29"]
[EventDate "2011.??.??"]
[WhiteTeam "White Rose 2"]
[BlackTeam "Sambuca Black Sheep"]

1. d4 d5 2. c4 c6 3. Nf3 Nf6 4. Nc3 e6 5. cxd5 cxd5 6. Bf4 Nc6 7. e3 Bb4 8. Bd3
h6 9. O-O Nh5 10. Bg3 Nxg3 11. hxg3 O-O 12. Rc1 a6 13. a3 Bd6 14. Na4 Nb8 15.
Nc5 1/2-1/2

[Event "4NCL"]
[Site "De Vere, Staverton Park, ENG"]
[Date "2011.03.27"]
[Round "8.55"]
[White "McCullough, Simon L"]
[Black "Lewyk, Ihor"]
[Result "1-0"]
[WhiteElo "2036"]
[BlackElo "2108"]
[PlyCount "51"]
[EventDate "2011.??.??"]
[WhiteTeam "Sambuca Black Sheep"]
[BlackTeam "White Rose 2"]

1. e4 d5 2. exd5 Nf6 3. d4 Nxd5 4. Nf3 Bg4 5. Be2 e6 6. O-O Be7 7. Ne5 Bxe2 8.
Qxe2 O-O 9. c4 Nf6 10. Rd1 c6 11. Nc3 Qe8 12. Rd3 Nbd7 13. Rg3 Kh8 14. Bg5 a6
15. Re1 Rd8 16. Rh3 Nxe5 17. dxe5 Ng8 18. Ne4 h6 19. Nf6 Bxf6 20. exf6 Nxf6 21.
Rxh6+ Kg8 22. Rxf6 Rd4 23. Qh5 Qd7 24. Rf3 Rd1 25. Rfe3 Qd4 26. Rxd1 1-0

[Event "4NCL"]
[Site "De Vere, Staverton Park, ENG"]
[Date "2011.03.27"]
[Round "8.58"]
[White "Birkin, Mark H"]
[Black "Nettleton, Charlie B"]
[Result "1-0"]
[WhiteElo "1895"]
[BlackElo "1835"]
[PlyCount "73"]
[EventDate "2011.??.??"]
[WhiteTeam "White Rose 2"]
[BlackTeam "Sambuca Black Sheep"]

1. e4 e6 2. d4 d5 3. e5 c5 4. c3 Nc6 5. Nf3 Bd7 6. Be2 f6 7. O-O Qc7 8. Re1
O-O-O 9. Bf4 f5 10. Na3 h6 11. Nb5 Qb6 12. c4 g5 13. Be3 dxc4 14. Bxc4 Nxd4 15.
Nbxd4 cxd4 16. Bxd4 Qa5 17. Qb3 Re8 18. Bc3 Qa4 19. Red1 Qxb3 20. Bxb3 Rh7 21.
Rac1 Kb8 22. Rd2 Bc6 23. Nd4 Bd5 24. Bxd5 exd5 25. Nxf5 Rf7 26. Ne3 Bg7 27.
Rxd5 Rfe7 28. Nf5 Rc7 29. Rcd1 Bf8 30. Rd8+ Rc8 31. Rxc8+ Kxc8 32. g3 Re6 33.
f4 Bc5+ 34. Bd4 Bxd4+ 35. Nxd4 Rb6 36. f5 Ne7 37. b3 1-0

[Event "4NCL"]
[Site "De Vere, Staverton Park, ENG"]
[Date "2011.03.27"]
[Round "8.61"]
[White "Quillan, Gary"]
[Black "Cobb, James E"]
[Result "0-1"]
[WhiteElo "2383"]
[BlackElo "2392"]
[PlyCount "102"]
[EventDate "2011.??.??"]
[WhiteTeam "3Cs 1"]
[BlackTeam "South Wales Dragons"]

1. e4 e5 2. Nf3 Nc6 3. Bb5 a6 4. Ba4 Nf6 5. O-O Be7 6. Re1 b5 7. Bb3 O-O 8. d4
d6 9. c3 Bg4 10. d5 Na5 11. Bc2 c6 12. h3 Bxf3 13. Qxf3 cxd5 14. exd5 Nc4 15.
Nd2 Nb6 16. Nf1 Ne8 17. a4 Nxa4 18. Bxa4 bxa4 19. Rxa4 Qd7 20. Rc4 f5 21. Rc6
e4 22. Qe2 a5 23. Qc4 Bf6 24. Bf4 Qe7 25. Ng3 Be5 26. Ne2 Nf6 27. Bxe5 Qxe5 28.
Nd4 Qxd5 29. Qxd5+ Nxd5 30. Rxd6 Nf4 31. Ra1 a4 32. Ne6 Rf6 33. Rd8+ Rxd8 34.
Nxd8 Rd6 35. Nb7 Rb6 36. Nc5 Rxb2 37. Nxa4 Rc2 38. Rf1 g6 39. Kh2 e3 40. fxe3
Nxg2 41. Kg1 Nxe3 42. Rf3 Nd5 43. Rd3 Nf4 44. Rf3 Ne6 45. Nb6 Ng5 46. Rd3 Ne4
47. c4 Kg7 48. Rd7+ Kh6 49. Re7 Ng5 50. h4 Nf3+ 51. Kf1 Nxh4 0-1

[Event "4NCL"]
[Site "De Vere, Staverton Park, ENG"]
[Date "2011.03.27"]
[Round "8.62"]
[White "Cooper, John G"]
[Black "Ashton, Adam G"]
[Result "1/2-1/2"]
[WhiteElo "2363"]
[BlackElo "2344"]
[PlyCount "77"]
[EventDate "2011.??.??"]
[WhiteTeam "South Wales Dragons"]
[BlackTeam "3Cs 1"]

1. Nf3 d5 2. g3 Nf6 3. Bg2 Bf5 4. c4 c6 5. cxd5 cxd5 6. Qb3 Qc8 7. Nc3 e6 8. d3
Nc6 9. Bf4 Bb4 10. O-O O-O 11. Rac1 Qd7 12. Ne5 Qe7 13. Nxc6 bxc6 14. e4 Bg6
15. Bg5 h6 16. Bxf6 gxf6 17. Qa4 Rac8 18. Ne2 dxe4 19. dxe4 Rfd8 20. Rc2 Kg7
21. Nf4 Bc5 22. Rfc1 Bb6 23. Qa6 Rc7 24. Qe2 Rcd7 25. h4 Qb4 26. Qg4 e5 27.
Ne6+ fxe6 28. h5 Kh8 29. Qxg6 Qf8 30. Rxc6 Qg7 31. Rxe6 Qxg6 32. hxg6 Kg7 33.
Rcc6 Rf8 34. Bh3 Rd1+ 35. Kg2 Kxg6 36. Bf5+ Kg7 37. Red6 Rxd6 38. Rxd6 Rd8 39.
Rxd8 1/2-1/2

[Event "4NCL"]
[Site "De Vere, Staverton Park, ENG"]
[Date "2011.03.27"]
[Round "8.63"]
[White "Longson, Alexander"]
[Black "Zeidler, Sven P"]
[Result "1/2-1/2"]
[WhiteElo "2231"]
[BlackElo "2247"]
[PlyCount "68"]
[EventDate "2011.??.??"]
[WhiteTeam "3Cs 1"]
[BlackTeam "South Wales Dragons"]

1. e4 d5 2. exd5 Qxd5 3. Nf3 Bg4 4. Be2 Nc6 5. d4 O-O-O 6. Be3 Nf6 7. c4 Qf5 8.
Qa4 Bxf3 9. Bxf3 Nxd4 10. Bxd4 Rxd4 11. Qxa7 Qe6+ 12. Be2 Qb6 13. Qxb6 cxb6 14.
Nd2 e6 15. a3 Ne4 16. Nf3 Rd7 17. O-O Bc5 18. b4 Nc3 19. Rfe1 Nxe2+ 20. Rxe2
Bd4 21. Nxd4 Rxd4 22. Rc2 Rhd8 23. Kf1 Rd2 24. Raa2 Rxc2 25. Rxc2 Rd3 26. c5 b5
27. Ra2 Rb3 28. Ke2 Kc7 29. Kd2 Rb1 30. h4 f5 31. Ke3 e5 32. Rd2 g6 33. Rd5
Rb3+ 34. Ke2 Rb2+ 1/2-1/2

[Event "4NCL"]
[Site "De Vere, Staverton Park, ENG"]
[Date "2011.03.27"]
[Round "8.65"]
[White "Redmond, John P"]
[Black "Walton, Alan J"]
[Result "1-0"]
[WhiteElo "2194"]
[BlackElo "2175"]
[PlyCount "83"]
[EventDate "2011.??.??"]
[WhiteTeam "South Wales Dragons"]
[BlackTeam "3Cs 1"]

1. c4 f5 2. Nc3 Nf6 3. g3 d6 4. Bg2 e5 5. d3 Be7 6. e4 O-O 7. Nge2 Nc6 8. O-O
Qe8 9. Nd5 Nxd5 10. cxd5 Nd8 11. Qb3 Kh8 12. Be3 Qh5 13. f3 c6 14. Nc3 f4 15.
Bd2 Nf7 16. gxf4 exf4 17. Ne2 Bg5 18. Bxf4 Bxf4 19. Nxf4 Qg5 20. Ne6 Bxe6 21.
dxe6 Qe3+ 22. Kh1 Ne5 23. d4 Qxd4 24. Rad1 Qc5 25. e7 Rf6 26. Qxb7 Re8 27. f4
Ng6 28. e5 Rxe7 29. Qb8+ Rf8 30. Qxd6 Qc2 31. f5 Ref7 32. fxg6 Rxf1+ 33. Bxf1
Rxf1+ 34. Rxf1 Qe4+ 35. Kg1 Qe3+ 36. Kh1 Qe4+ 37. Kg1 Qe3+ 38. Rf2 Qe1+ 39. Kg2
Qe4+ 40. Kf1 Qb1+ 41. Ke2 Qxb2+ 42. Kf3 1-0

[Event "4NCL"]
[Site "De Vere, Staverton Park, ENG"]
[Date "2011.03.27"]
[Round "8.65"]
[White "Jaunooby, Ali Reza"]
[Black "Morris, Charles F"]
[Result "1-0"]
[WhiteElo "2157"]
[BlackElo "2188"]
[PlyCount "49"]
[EventDate "2011.??.??"]
[WhiteTeam "3Cs 1"]
[BlackTeam "South Wales Dragons"]

1. d4 d5 2. Nf3 e6 3. Bf4 c5 4. c3 Nc6 5. e3 Nf6 6. Nbd2 Nh5 7. Bg5 Qb6 8. Rb1
h6 9. Bh4 g5 10. Ne5 Ng7 11. Bg3 Nf5 12. Qh5 Nd8 13. Bd3 Nxg3 14. fxg3 Bg7 15.
Nxf7 Nxf7 16. O-O Rf8 17. Rxf7 Rxf7 18. Rf1 Bxd4 19. cxd4 cxd4 20. Qxf7+ Kd8
21. Qf8+ Kd7 22. Rf7+ Kc6 23. Qe8+ Kd6 24. Qe7+ Kc6 25. e4 1-0

[Event "4NCL"]
[Site "De Vere, Staverton Park, ENG"]
[Date "2011.03.27"]
[Round "8.66"]
[White "James, David J"]
[Black "Burton, Graham P"]
[Result "1/2-1/2"]
[WhiteElo "2126"]
[BlackElo "2070"]
[PlyCount "33"]
[EventDate "2011.??.??"]
[WhiteTeam "South Wales Dragons"]
[BlackTeam "3Cs 1"]

1. Nf3 e6 2. c4 c5 3. Nc3 a6 4. g3 Nf6 5. Bg2 Qc7 6. O-O Be7 7. b3 O-O 8. Bb2
d6 9. d4 cxd4 10. Nxd4 Nbd7 11. Rc1 Ne5 12. Qd2 Ng6 13. Rfd1 Bd7 14. e4 Rad8
15. Qe2 Qb8 16. a4 Rfe8 17. Qf1 1/2-1/2

[Event "4NCL"]
[Site "De Vere, Staverton Park, ENG"]
[Date "2011.03.27"]
[Round "8.67"]
[White "Burke, Mitchell R"]
[Black "Jameson, David"]
[Result "1/2-1/2"]
[WhiteElo "1893"]
[BlackElo "2088"]
[PlyCount "91"]
[EventDate "2011.??.??"]
[WhiteTeam "3Cs 1"]
[BlackTeam "South Wales Dragons"]

1. f4 d5 2. Nf3 c5 3. g3 Nc6 4. Bg2 g6 5. O-O Bg7 6. d3 Nf6 7. c3 O-O 8. Qe1 b6
9. e4 dxe4 10. dxe4 Ba6 11. Rf2 e5 12. Bf1 Bxf1 13. Rxf1 Qd3 14. Qd2 Qxe4 15.
Nxe5 Nxe5 16. fxe5 Qxe5 17. Na3 Rad8 18. Qg5 Qe2 19. Qe3 Rfe8 20. Qxe2 Rxe2 21.
Bg5 Rd6 22. Nb5 Rde6 23. Rad1 h6 24. Rd8+ Kh7 25. Bxf6 Bxf6 26. Rd7 Kg7 27. Nd6
Re7 28. Rd8 Re1 29. Ra8 Rxf1+ 30. Kxf1 Be5 31. Nc8 Re8 32. Nxb6 Rxa8 33. Nxa8
Kf6 34. b4 Ke6 35. b5 Kd7 36. b6 a6 37. Ke2 Kc6 38. Kd3 Kb7 39. Ke4 Kxa8 40.
Kxe5 Kb7 41. Kf6 Kxb6 42. Kxf7 g5 43. Kg6 Kb5 44. Kxh6 Kc4 45. Kxg5 Kxc3 46. h4
1/2-1/2

[Event "4NCL"]
[Site "De Vere, Staverton Park, ENG"]
[Date "2011.03.27"]
[Round "8.71"]
[White "McMichael, Richard J"]
[Black "Spencer, Carl J"]
[Result "1-0"]
[WhiteElo "2285"]
[BlackElo "2166"]
[PlyCount "82"]
[EventDate "2011.??.??"]
[WhiteTeam "Kings Head"]
[BlackTeam "Cambridge University 2"]

1. d4 e6 2. Nf3 Nf6 3. Bg5 c5 4. e3 d5 5. Nbd2 Nc6 6. c3 Be7 7. Bd3 h6 8. Bh4
O-O 9. O-O b6 10. Qe2 Bb7 11. Rad1 Rc8 12. Rfe1 Qc7 13. Bg3 Bd6 14. Ne5 Nxe5
15. dxe5 Bxe5 16. f4 Bd6 17. Bh4 Be7 18. Rf1 Rfe8 19. f5 c4 20. Bc2 e5 21. Nf3
Ng4 22. h3 Nxe3 23. Bxe7 Nxf1 24. f6 Ng3 25. Qf2 Ne4 26. Bxe4 dxe4 27. Qg3 g6
28. Qh4 h5 29. Qg5 Kh7 30. Nxe5 Rxe7 31. fxe7 Qc5+ 32. Kh2 Bd5 33. Qf6 Re8 34.
Nxf7 Qxe7 35. Ng5+ Kh6 36. Qxe7 Rxe7 37. Rxd5 e3 38. Nf3 e2 39. Ne1 h4 40. Rd2
Kg5 41. Kg1 Kf4 1-0

[Event "4NCL"]
[Site "De Vere, Staverton Park, ENG"]
[Date "2011.03.27"]
[Round "8.74"]
[White "Gooding, Ian"]
[Black "Mackenzie, Colin"]
[Result "0-1"]
[WhiteElo "2012"]
[BlackElo "2118"]
[PlyCount "112"]
[EventDate "2011.??.??"]
[WhiteTeam "Cambridge University 2"]
[BlackTeam "Kings Head"]

1. e4 e6 2. d4 d5 3. Nc3 Bb4 4. a3 Bxc3+ 5. bxc3 dxe4 6. Qg4 Nf6 7. Qxg7 Rg8 8.
Qh6 Nbd7 9. a4 b6 10. Bb5 Rg6 11. Qh3 Bb7 12. Ba3 a6 13. Bc4 Ng4 14. Ne2 Qf6
15. Rf1 O-O-O 16. Bc1 Rdg8 17. Be3 Qf5 18. Kd2 Ndf6 19. a5 b5 20. Bb3 c5 21.
Ng3 Nxe3 22. Nxf5 Nxf5 23. dxc5 e3+ 24. fxe3 Bxg2 25. Qxf5 exf5 26. Rxf5 Bh3
27. Rf4 Rd8+ 28. Kc1 Be6 29. Kb2 Nd5 30. Rh4 h6 31. e4 Ne3 32. Bxe6+ fxe6 33.
Rf4 Rd2 34. Rc1 Nc4+ 35. Kb3 Nxa5+ 36. Kb4 Nc6+ 37. Kb3 a5 38. Rf8+ Rd8 39. Rf7
Rd7 40. Rf8+ Kc7 41. Rcf1 Rg4 42. R1f6 Rxe4 43. Rxh6 a4+ 44. Kb2 Ne5 45. Rhh8
Nc4+ 46. Ka2 Kc6 47. Rh5 Re2 48. Rc8+ Rc7 49. Re8 Rxc2+ 50. Kb1 Rb2+ 51. Kc1
Re2 52. Rh6 Kd5 53. Rh5+ e5 54. h4 Re1+ 55. Kc2 Rf7 56. Rd8+ Ke4 0-1

[Event "4NCL"]
[Site "De Vere, Staverton Park, ENG"]
[Date "2011.03.27"]
[Round "8.77"]
[White "Haria, Ravi"]
[Black "Kreuzer, Christopher RL"]
[Result "1-0"]
[WhiteElo "1984"]
[BlackElo "1937"]
[PlyCount "139"]
[EventDate "2011.??.??"]
[WhiteTeam "Kings Head"]
[BlackTeam "Cambridge University 2"]

1. e4 c5 2. Nf3 d6 3. d4 cxd4 4. Nxd4 Nf6 5. Nc3 a6 6. Be2 e5 7. Nb3 Be6 8. f4
Qc7 9. f5 Bc4 10. Bxc4 Qxc4 11. Qd3 Qc6 12. Bg5 Nbd7 13. O-O-O Rc8 14. Rd2 b5
15. Bxf6 Nxf6 16. Nd5 Nxd5 17. Qxd5 Qb6 18. Kb1 a5 19. Nc1 Be7 20. h4 O-O 21.
g4 Rc5 22. Qd3 Rfc8 23. g5 Rc4 24. Ne2 Qc6 25. Nc3 b4 26. Nd5 Bf8 27. b3 Rc3
28. Nxc3 bxc3 29. Re2 Qc5 30. Qe3 Qb4 31. Qc1 a4 32. Rd1 Rc4 33. a3 Qb7 34. Ka2
Rxe4 35. Rxe4 Qxe4 36. b4 Qxf5 37. Rd3 Qe6+ 38. Ka1 d5 39. Rxc3 d4 40. Rd3 Qc4
41. Qb2 Qb5 42. Qc1 g6 43. Qh1 Kg7 44. Qa8 Bd6 45. Qd8 Qd5 46. Qf6+ Kg8 47. h5
gxh5 48. Rf3 Be7 49. Qf5 Qe6 50. Qxe6 fxe6 51. b5 Kg7 52. b6 Kg6 53. Rf6+ Kxg5
54. Rxe6 Bd8 55. Rxe5+ Kg4 56. Rb5 h4 57. b7 Bc7 58. b8=Q Bxb8 59. Rxb8 h3 60.
Rb4 h2 61. Rxd4+ Kg3 62. Rd1 Kg2 63. c4 h1=Q 64. Rxh1 Kxh1 65. c5 h5 66. c6 h4
67. c7 h3 68. c8=Q h2 69. Qc6+ Kg1 70. Qxa4 1-0

[Event "4NCL"]
[Site "De Vere, Staverton Park, ENG"]
[Date "2011.03.27"]
[Round "8.81"]
[White "Tavares, Shawn P"]
[Black "Doci, Stefan"]
[Result "1/2-1/2"]
[WhiteElo "2260"]
[BlackElo "2095"]
[PlyCount "56"]
[EventDate "2011.??.??"]
[WhiteTeam "AMCA Dragons"]
[BlackTeam "Poisoned Pawns 2"]

1. e4 c6 2. d4 d5 3. exd5 cxd5 4. Bd3 Nf6 5. c3 Nc6 6. Bf4 e6 7. Nf3 Bd6 8. Bg3
O-O 9. O-O Bxg3 10. hxg3 Ne4 11. g4 f5 12. gxf5 exf5 13. c4 Be6 14. cxd5 Bxd5
15. Nc3 Kh8 16. Re1 Re8 17. Re3 Qd6 18. Qe2 Nf6 19. Nb5 Qf4 20. Re1 h6 21. Qd2
Qg4 22. Rxe8+ Rxe8 23. Rxe8+ Nxe8 24. Qe3 Nf6 25. Be2 f4 26. Qa3 a6 27. Qf8+
Kh7 28. Bd3+ Be4 1/2-1/2

[Event "4NCL"]
[Site "De Vere, Staverton Park, ENG"]
[Date "2011.03.27"]
[Round "8.82"]
[White "Byway, Paul V"]
[Black "Holland, James P"]
[Result "1/2-1/2"]
[WhiteElo "2162"]
[BlackElo "2110"]
[PlyCount "37"]
[EventDate "2011.??.??"]
[WhiteTeam "Poisoned Pawns 2"]
[BlackTeam "AMCA Dragons"]

1. Nf3 d5 2. g3 c5 3. Bg2 Nc6 4. d4 Nf6 5. O-O e6 6. c4 Be7 7. cxd5 exd5 8. Nc3
O-O 9. dxc5 Bxc5 10. Bg5 d4 11. Bxf6 Qxf6 12. Nd5 Qd8 13. Nd2 Re8 14. Nb3 Bb6
15. Re1 Bg4 16. Nxb6 Qxb6 17. Bxc6 bxc6 18. Qxd4 Rxe2 19. Rxe2 1/2-1/2

[Event "4NCL"]
[Site "De Vere, Staverton Park, ENG"]
[Date "2011.03.27"]
[Round "8.83"]
[White "Frostick, Clive A"]
[Black "Hutchinson, Norman A"]
[Result "0-1"]
[WhiteElo "2162"]
[BlackElo "2054"]
[PlyCount "94"]
[EventDate "2011.??.??"]
[WhiteTeam "AMCA Dragons"]
[BlackTeam "Poisoned Pawns 2"]

1. e4 c6 2. d4 d5 3. Nc3 dxe4 4. Nxe4 Bf5 5. Ng3 Bg6 6. Nf3 Nd7 7. Bd3 e6 8.
O-O Ngf6 9. c4 Qc7 10. Re1 Be7 11. a3 Rd8 12. Bxg6 hxg6 13. Qc2 Nf8 14. Bd2 Nh5
15. Rad1 Nf4 16. d5 exd5 17. Bxf4 Qxf4 18. cxd5 cxd5 19. Qb3 Ne6 20. Qb5+ Kf8
21. Rxd5 Rxd5 22. Qxd5 Qc7 23. Ne5 Rh6 24. Nxf7 Nf4 25. Qb3 Qc6 26. Ne4 Ne2+
27. Kh1 Qxe4 28. Nxh6 Ng3+ 29. hxg3 Qxe1+ 30. Kh2 gxh6 31. Qf3+ Ke8 32. Qxb7
Qxf2 33. Qc8+ Kf7 34. Qc4+ Kg7 35. Qc7 Qe3 36. b4 Kf6 37. b5 Qxa3 38. b6 axb6
39. Qxb6+ Qd6 40. Qb2+ Qe5 41. Qf2+ Kg7 42. Qf3 Bd6 43. Qb7+ Bc7 44. Qf3 h5 45.
Qd3 Bd6 46. Qf3 h4 47. Qg4 hxg3+ 0-1

[Event "4NCL"]
[Site "De Vere, Staverton Park, ENG"]
[Date "2011.03.27"]
[Round "8.84"]
[White "Goodger, Martyn"]
[Black "Mossong, Hubert"]
[Result "1-0"]
[WhiteElo "2096"]
[BlackElo "2147"]
[PlyCount "75"]
[EventDate "2011.??.??"]
[WhiteTeam "Poisoned Pawns 2"]
[BlackTeam "AMCA Dragons"]

1. e4 c5 2. c3 Nf6 3. e5 Nd5 4. Nf3 e6 5. d4 cxd4 6. cxd4 b6 7. Bc4 Bb7 8. O-O
Na6 9. Bg5 Be7 10. Bxe7 Qxe7 11. Nbd2 O-O 12. Qe2 Nac7 13. Qe4 Bc6 14. Qb1 f5
15. exf6 gxf6 16. Qe4 Kh8 17. Qh4 Rg8 18. Ne4 Rg7 19. Ng3 Rag8 20. h3 Ne3 21.
Rfc1 Nf5 22. Nxf5 Rxg2+ 23. Kf1 Bxf3 24. Ng3 Nd5 25. Bxd5 Bxd5 26. Rc3 Rh2 27.
Rac1 Bg2+ 28. Kg1 Rxh3 29. Qf4 Bd5 30. Kf1 a5 31. Rc8 e5 32. Qg4 Rxg3 33. fxg3
Qg7 34. Rxg8+ Bxg8 35. Qxg7+ Kxg7 36. Rc7 Bxa2 37. Rxd7+ Kg6 38. Rb7 1-0

[Event "4NCL"]
[Site "De Vere, Staverton Park, ENG"]
[Date "2011.03.27"]
[Round "8.85"]
[White "Richardson, Keith B"]
[Black "McCorry, Robert T"]
[Result "1/2-1/2"]
[WhiteElo "2114"]
[BlackElo "2055"]
[PlyCount "54"]
[EventDate "2011.??.??"]
[WhiteTeam "AMCA Dragons"]
[BlackTeam "Poisoned Pawns 2"]

1. c4 c6 2. Nf3 d5 3. e3 Nf6 4. b3 Bg4 5. Bb2 e6 6. Be2 Nbd7 7. O-O Be7 8. d4
O-O 9. Nbd2 h6 10. Bd3 a6 11. h3 Bxf3 12. Qxf3 b5 13. e4 Bb4 14. Rfd1 Bxd2 15.
Rxd2 dxe4 16. Bxe4 Nxe4 17. Qxe4 bxc4 18. bxc4 Qa5 19. Rd3 Qa4 20. Rg3 Rab8 21.
Bc1 Kh8 22. Qg4 Rg8 23. Qh5 Nf6 24. Qh4 Qd1+ 25. Kh2 Qh5 26. Qxh5 Nxh5 27. Rb3
Rgd8 1/2-1/2

[Event "4NCL"]
[Site "Barcelo Hotel, Hinkley Island,"]
[Date "2011.04.30"]
[Round "9.51"]
[White "Townsend, M Paul"]
[Black "Ashton, Adam G"]
[Result "0-1"]
[WhiteElo "2266"]
[BlackElo "2344"]
[PlyCount "60"]
[EventDate "2011.??.??"]
[WhiteTeam "White Rose 2"]
[BlackTeam "3Cs 1"]

1. d4 d5 2. Nf3 e6 3. c4 c6 4. e3 Nf6 5. b3 Bb4+ 6. Nbd2 c5 7. Bb2 cxd4 8. exd4
O-O 9. Bd3 b6 10. O-O Bb7 11. Ne5 Nc6 12. Ndf3 Rc8 13. Qc2 h6 14. Rad1 Qe7 15.
Nxc6 Bxc6 16. Ne5 Bb7 17. f4 Ne4 18. f5 exf5 19. Rxf5 f6 20. Ng6 Qd7 21. Nxf8
Qxf5 22. Rf1 Qg5 23. Ne6 Qe3+ 24. Kh1 dxc4 25. bxc4 Bd2 26. Nf4 Nf2+ 27. Rxf2
Qxf2 28. Bh7+ Kh8 29. Ng6+ Kxh7 30. Ne7+ f5 0-1

[Event "4NCL"]
[Site "Barcelo Hotel, Hinkley Island,"]
[Date "2011.04.30"]
[Round "9.52"]
[White "Longson, Alexander"]
[Black "Adams, David M"]
[Result "1/2-1/2"]
[WhiteElo "2231"]
[BlackElo "2211"]
[PlyCount "49"]
[EventDate "2011.??.??"]
[WhiteTeam "3Cs 1"]
[BlackTeam "White Rose 2"]

1. e4 c6 2. d4 d5 3. e5 c5 4. dxc5 e6 5. Nf3 Nh6 6. Bd3 Nd7 7. O-O Nxc5 8. Be2
Nf5 9. c4 Be7 10. b4 Na6 11. a3 dxc4 12. Bxc4 Qxd1 13. Rxd1 Bd7 14. Bb2 Nc7 15.
Nc3 Bc6 16. Nd4 Nxd4 17. Rxd4 a6 18. Rad1 O-O 19. f3 Rfd8 20. Rxd8+ Rxd8 21.
Rxd8+ Bxd8 22. Kf2 Kf8 23. Bc1 Be7 24. Be3 Ke8 25. Bb6 1/2-1/2

[Event "4NCL"]
[Site "Barcelo Hotel, Hinkley Island,"]
[Date "2011.04.30"]
[Round "9.53"]
[White "Gayson, Peter M"]
[Black "Walton, Alan J"]
[Result "1/2-1/2"]
[WhiteElo "2173"]
[BlackElo "2175"]
[PlyCount "54"]
[EventDate "2011.??.??"]
[WhiteTeam "White Rose 2"]
[BlackTeam "3Cs 1"]

1. e4 e6 2. d4 d5 3. Nd2 a6 4. Ngf3 Nf6 5. Bd3 c5 6. exd5 exd5 7. O-O cxd4 8.
Nxd4 Nc6 9. N2b3 Be7 10. Bf4 O-O 11. c3 Bd6 12. Qd2 Qc7 13. Bxd6 Qxd6 14. Nf5
Bxf5 15. Bxf5 Rae8 16. Rfe1 Re5 17. Rxe5 Qxe5 18. Bd3 Re8 19. h3 g6 20. Rd1 Kg7
21. Bf1 Ne4 22. Qe3 f5 23. Nd4 f4 24. Qd3 Qh5 25. Be2 Qh4 26. Rf1 Ne5 27. Qd1
Qf6 1/2-1/2

[Event "4NCL"]
[Site "Barcelo Hotel, Hinkley Island,"]
[Date "2011.04.30"]
[Round "9.54"]
[White "Bentley, John L"]
[Black "Arnott, Jonathan W"]
[Result "1/2-1/2"]
[WhiteElo "2212"]
[BlackElo "2177"]
[PlyCount "35"]
[EventDate "2011.??.??"]
[WhiteTeam "3Cs 1"]
[BlackTeam "White Rose 2"]

1. d4 d5 2. c4 c6 3. Nf3 Nf6 4. Nc3 a6 5. a4 e6 6. g3 dxc4 7. Bg5 Bb4 8. Bg2
Qa5 9. O-O Nbd7 10. Bxf6 Nxf6 11. Ne5 Bxc3 12. bxc3 Qxc3 13. Nxc6 Nd5 14. Rc1
Qb3 15. Qxb3 cxb3 16. Na5 Bd7 17. Ra1 b5 18. Nxb3 1/2-1/2

[Event "4NCL"]
[Site "Barcelo Hotel, Hinkley Island,"]
[Date "2011.04.30"]
[Round "9.55"]
[White "Shaw, Peter"]
[Black "Adams, Philip"]
[Result "1/2-1/2"]
[WhiteElo "2164"]
[BlackElo "2122"]
[PlyCount "54"]
[EventDate "2011.??.??"]
[WhiteTeam "White Rose 2"]
[BlackTeam "3Cs 1"]

1. d4 Nf6 2. c4 g6 3. Nc3 Bg7 4. e4 d6 5. Nf3 O-O 6. Be2 a6 7. Be3 Bg4 8. Nd2
Bxe2 9. Qxe2 Nfd7 10. O-O c5 11. Nb3 cxd4 12. Nxd4 Nc6 13. Qd2 Nde5 14. b3 Ng4
15. Nde2 Nxe3 16. Qxe3 b5 17. cxb5 axb5 18. Rac1 Nb4 19. Nxb5 Nxa2 20. Rc4 Qb8
21. Nbd4 Rc8 22. Rxc8+ Qxc8 23. Qd2 Qb7 24. Qe3 Rc8 25. h3 Nb4 26. Rc1 Rxc1+
27. Nxc1 Qb6 1/2-1/2

[Event "4NCL"]
[Site "Barcelo Hotel, Hinkley Island,"]
[Date "2011.04.30"]
[Round "9.57"]
[White "Webb, Matthew D"]
[Black "Burke, Mitchell R"]
[Result "1/2-1/2"]
[WhiteElo "2062"]
[BlackElo "1893"]
[PlyCount "39"]
[EventDate "2011.??.??"]
[WhiteTeam "White Rose 2"]
[BlackTeam "3Cs 1"]

1. e4 c5 2. Nc3 Nc6 3. f4 g6 4. Nf3 Bg7 5. Bb5 Nd4 6. O-O Nxb5 7. Nxb5 d5 8.
exd5 a6 9. Nc3 Nf6 10. d4 c4 11. Qe2 b5 12. Re1 Bb7 13. b3 Nxd5 14. Ba3 O-O 15.
Nxd5 Bxd5 16. Bxe7 Bxf3 17. Qxf3 Qxd4+ 18. Kh1 Rfe8 19. Rad1 Qc3 20. Qf2
1/2-1/2

[Event "4NCL"]
[Site "Barcelo Hotel, Hinkley Island,"]
[Date "2011.04.30"]
[Round "9.61"]
[White "Hutchinson, Norman A"]
[Black "McMichael, Richard J"]
[Result "1-0"]
[WhiteElo "2054"]
[BlackElo "2285"]
[PlyCount "113"]
[EventDate "2011.??.??"]
[WhiteTeam "Poisoned Pawns 2"]
[BlackTeam "Kings Head"]

1. e4 e6 2. d4 d5 3. Nd2 Nc6 4. Ngf3 Nf6 5. e5 Nd7 6. Nb3 a5 7. Be3 f6 8. Bb5
fxe5 9. dxe5 Be7 10. Nbd4 Ndb8 11. h4 O-O 12. Ng5 Nxd4 13. Qxd4 h6 14. Qg4 Nc6
15. Nxe6 Bb4+ 16. c3 Qe7 17. Qxg7+ Qxg7 18. Nxg7 Kxg7 19. Bxc6 Bxc3+ 20. bxc3
bxc6 21. Rb1 Ba6 22. f4 h5 23. g3 Kg6 24. Kd2 Kf5 25. Bc5 Rg8 26. Rhg1 Rab8 27.
Bf2 Bc4 28. a3 Ba2 29. Rxb8 Rxb8 30. Kc2 Bc4 31. Re1 Ke6 32. Ba7 Rg8 33. Re3
Ra8 34. Bd4 Re8 35. Rf3 Kf5 36. Re3 a4 37. Bc5 Bf1 38. Re1 Bg2 39. Kd3 Be4+ 40.
Kd4 Rg8 41. Rg1 Rb8 42. Bb4 Rb5 43. Re1 c5+ 44. Bxc5 Rb2 45. Bb4 Rd2+ 46. Kc5
Rd3 47. Rg1 Rf3 48. Kb5 Bc2 49. Kc6 Bb3 50. Kd7 c5 51. Bxc5 Rxc3 52. e6 Rxc5
53. e7 Bc4 54. Rb1 Rb5 55. e8=Q Rxb1 56. Qf7+ Kg4 57. Qg6+ 1-0

[Event "4NCL"]
[Site "Barcelo Hotel, Hinkley Island,"]
[Date "2011.04.30"]
[Round "9.62"]
[White "Kwiatkowski, Feliks J"]
[Black "Kemp, Paul R"]
[Result "1-0"]
[WhiteElo "2235"]
[BlackElo "2108"]
[PlyCount "119"]
[EventDate "2011.??.??"]
[WhiteTeam "Kings Head"]
[BlackTeam "Poisoned Pawns 2"]

1. e4 c6 2. d4 d5 3. Nc3 dxe4 4. Nxe4 Bf5 5. Ng3 Bg6 6. Nf3 Nd7 7. Bc4 e6 8.
O-O Ngf6 9. Re1 Qc7 10. Nh4 O-O-O 11. c3 Nb6 12. Bb3 c5 13. Nxg6 hxg6 14. Qf3
Rh4 15. Bg5 Rh7 16. dxc5 Bxc5 17. h3 Be7 18. Rad1 Rhh8 19. Bf4 Qc6 20. Qxc6+
bxc6 21. Ne4 Nxe4 22. Rxe4 Bf6 23. Kf1 Rh4 24. Rxd8+ Kxd8 25. Bc2 Kc8 26. Ke2
Kb7 27. Bc1 Rxe4+ 28. Bxe4 Na4 29. Bc2 Nb6 30. Kd3 Nd5 31. Bd2 Be5 32. c4 Nb6
33. b4 Nd7 34. Bc3 c5 35. a3 a5 36. Ba4 Bxc3 37. Kxc3 axb4+ 38. axb4 cxb4+ 39.
Kxb4 Nf6 40. Kc5 Kc7 41. Bc6 Nh5 42. g3 Nf6 43. h4 e5 44. Bd5 Nd7+ 45. Kb5 f6
46. Bf7 Kd6 47. Bxg6 Nc5 48. f3 Ne6 49. Kb6 Nc5 50. Bf5 Nb3 51. h5 Nc5 52. g4
Nb3 53. Be4 Nc5 54. Bd5 Na4+ 55. Kb7 Nc3 56. Bc6 Kc5 57. Kc7 Kxc4 58. Kd6 Ne2
59. Ke7 Nd4 60. Be4 1-0

[Event "4NCL"]
[Site "Barcelo Hotel, Hinkley Island,"]
[Date "2011.04.30"]
[Round "9.64"]
[White "Thomas, Rik H"]
[Black "McCorry, Robert T"]
[Result "1/2-1/2"]
[WhiteElo "2197"]
[BlackElo "2055"]
[PlyCount "54"]
[EventDate "2011.??.??"]
[WhiteTeam "Kings Head"]
[BlackTeam "Poisoned Pawns 2"]

1. Nf3 d5 2. d4 Nf6 3. c4 c6 4. Nc3 a6 5. e3 Bg4 6. Qb3 Ra7 7. Bd3 Nbd7 8. cxd5
cxd5 9. Ne5 e6 10. f4 Nxe5 11. fxe5 Nd7 12. O-O b5 13. Qc2 Nb6 14. Qf2 Bb4 15.
Qg3 Bh5 16. Qxg7 Kd7 17. Qh6 Bg6 18. Bxg6 fxg6 19. e4 Kc8 20. Bg5 Qd7 21. Rac1
Rc7 22. exd5 Bxc3 23. bxc3 Qxd5 24. Rf8+ Rxf8 25. Qxf8+ Kb7 26. Qf3 Qxf3 27.
gxf3 Rc4 1/2-1/2